01060cam a2200265 450000100100000000500170001000800410002701000130006802000150008104000280009608200170012424501340014126000620027530000250033749000300036250400290039265000320042165000570045370000560051083000530056691000280061904900090064795201210065699900170077700001221820200929162741.0700609s1969 iau b 000 0 eng  a73012413 a0697071502 aDO-SdBNPcDLCdICUdDLC a372.86bA62800aAnthology of contemporary readings; :ban introduction to physical education /c[by] Howard S. Slusher [and] Aileene S. Lockhart. aDubuque, Iowa, :bW. C. Brown Company Publishers,cc1969. axi, 324 p. ;c23 cm.1 aPhysical education series aIncludes bibliographies. 4aEducación física912552 4aEducación físicaxFormación profesional9288511 aLockhart, Aileene Simpson,d1911-ejoint ed.928852 0aPhysical education series (Dubuque, Iowa)928853 aCatalogación derivada aBNGR 001052708MOaGRbGRcCTd2009-11-06iLF1l0o372.86 A628p12218-10r2020-06-25w2020-06-25y2ZPréstamo interno c11882d11882